Carregant...

Smriti sandarbha [v.6]/

Dades bibliogràfiques
Autor principal: Markandaiya
Altres autors: Laugakshi
Format: Printed Book
Publicat: Delhi: Nag, 1988.
Matèries:
LEADER 00739nam a22001931a 4500
020 |a 9788170811701 
082 |a S 294.592 6  |b MAR/S 
100 |a Markandaiya  |9 83914 
245 |a Smriti sandarbha [v.6]/  |c by Markandaiya 
260 |a Delhi:  |b Nag,  |c 1988. 
300 |a 411p. 
650 |a Dharam Shastra  |9 83915 
650 |a Hinduism  |9 83916 
650 |a Religion  |9 83917 
700 |a Laugakshi  |9 83918 
942 |c BK 
999 |c 42389  |d 42389 
952 |0 0  |1 0  |4 0  |6 S_294_592000000000000_6_MAR_S  |7 0  |9 61478  |a SSUS  |b SSUS  |d 2015-01-08  |g 358.00  |o S 294.592 6 MAR/S  |p 008860  |r 2015-01-08  |v 0.00  |w 2015-01-08  |y BK 
952 |0 0  |1 0  |4 0  |6 S_294_592000000000000_6_MAR_S  |7 0  |9 61479  |a SSUS  |b SSUS  |d 2015-01-08  |g 358.00  |o S 294.592 6 MAR/S  |p 008861  |r 2015-01-08  |v 0.00  |w 2015-01-08  |y BK